| 000 | 00964nam a2200265Ia 4500 | ||
|---|---|---|---|
| 003 | OSt | ||
| 005 | 20221005105432.0 | ||
| 006 | a|||||r|||| 00| 0 | ||
| 007 | ta | ||
| 008 | 221004b |||||||| |||| 00| 0 hin d | ||
| 020 |
_a9789380397207 (hbk) _c550 |
||
| 024 | _a26184 | ||
| 037 |
_b2338, 19/03/2016, Success Book Service _cTextual |
||
| 040 |
_aCRL _cCRL _bhin |
||
| 041 |
_2hin _ahin |
||
| 082 | _aQ4:67.27376, 152Q1 | ||
| 100 | _aसंजय कुमार | ||
| 245 | 0 |
_aविक्रमशिला महाविहार _b एक अध्ययन |
|
| 246 | _aVikramashilā mahāvihāra: ek adhyayana | ||
| 260 |
_aनई दिल्ली _bप्रगुन पब्लिकेशन भारत _c2011 |
||
| 300 |
_a208पृ0 _ccm. |
||
| 650 | _aधर्म | ||
| 942 |
_hQ4:67.27376, 152Q1 _cTEXL _2cc |
||
| 999 |
_c1015802 _d1015802 |
||